000 00873nas a2200301 4500
001 BR2011005770
003 BR-BrBNA
005 20231205115628.0
007 ta
008 230509b bl.|||p| |||| 00| 00por d
040 _aBR-BrBNA
_bpor
_cBiblioteca Nacional de Agricultura
041 _a(En)
072 _aF30
100 1 _aToledo, D.S.;
100 1 _aCosta, C.A.
100 1 _aBacci, L.
100 1 _aFernandes, L.A.
100 1 _aSouza, M.F.
245 1 _aProduction and quality of tomato fruits under organic management
650 _aTOMATE
650 _aLYCOPERSICON ESCULENTUM
650 _aPRODUÇÃO ORGÂNICA
650 _aMANEJO
650 _aMINAS GERAIS
773 0 _tHorticultura Brasileira (Brazil)
_xISSN 0102-0536
_g(Apr-Jun 2011), v. 29(2) p. 253-257
_wBR2011005770
909 _a202311
_bLúcia
_c55
_dLúcia Elande
942 _2AGRIS
_n0
_cANA
999 _c214891
_d214891